| 000 | 00916nam a2200289Ia 4500 | ||
|---|---|---|---|
| 001 | dia_5886 | ||
| 003 | CHAP | ||
| 005 | 20230608133702.0 | ||
| 008 | 220117s2005 xx 000 0 und d | ||
| 010 | _a177072 | ||
| 020 | _a84-234-2476-6 | ||
| 040 | _cCHAP | ||
| 082 | _a658.827 S56 2005 | ||
| 100 |
_aSimmons, John _9160115 |
||
| 245 |
_aEl estilo starbucks : cómo crear un hogar fuera del hogar / _c John Simmons ; traducción Eurolink |
||
| 260 |
_aEspaña : _b Deusto, _c2005 |
||
| 300 | _a186 p. | ||
| 500 | _aTítulo original: My sister´s a barista: How they made Starbucks a home away from home | ||
| 590 | _aTX945.5.S33 S56 2005 | ||
| 650 |
_aMarcas registradas _9160116 |
||
| 650 |
_aTrademarks _9160117 |
||
| 710 |
_aEurolink, tr. _9160118 |
||
| 901 | _a658.827 S56 2005 | ||
| 902 | _aM | ||
| 905 | _a5232272005 sp d 8222123322spa16 | ||
| 942 |
_cLIBRO _2ddc |
||
| 999 |
_c177072 _d177072 |
||